Chansons de Freeze Corleone - Statistiques

Statistiques générales
  • Ce quiz a été pris 351 fois
  • Le résultat moyen est 31 sur 64
Statistiques - réponses
Album Réponse % Correct
LMF Freeze Raël
96%
F.D.T S/O Congo
91%
Projet Blue Beam S/O Congo Part.2
91%
Projet Blue Beam Intro
90%
RIYAD SADIO INTRO
90%
LMF Hors ligne
82%
LMF Chen Laden
76%
F.D.T Le Chen
75%
LMF Dans les buissons
74%
LMF Rap catéchisme
73%
Projet Blue Beam Baton rouge
72%
LMF Scellé part.2
72%
RIYAD SADIO SCELLÉ PART.4
72%
Projet Blue Beam Jeremy Lin
68%
LMF Tarkov
66%
LMF PDM
63%
Projet Blue Beam 3 Planètes
62%
Projet Blue Beam Sacrifice de Masse
61%
Projet Blue Beam Fentanyl
60%
LMF Desiigner
59%
Projet Blue Beam Donquixote Doflamingo
57%
Projet Blue Beam LRH
56%
Projet Blue Beam Lester
55%
F.D.T Madara
55%
LMF Moncler
55%
LMF R.I.P Pop Smoke
55%
LMF Big Pharma
53%
LMF Numérologie
53%
Projet Blue Beam Fredo Santana
52%
RIYAD SADIO CARTIER
51%
LMF Logo AUdi
51%
LMF Stretch 4
51%
LMF L'art de la guerre
46%
LMF Pas de refrain
46%
THC THC
46%
RIYAD SADIO OLIVINE
45%
RIYAD SADIO DÉGRADÉ
43%
F.D.T Ekip
41%
RIYAD SADIO OUTRO
41%
RIYAD SADIO SADIO RIYAD
36%
F.D.T Mode Avion
34%
RIYAD SADIO MOISSANITE
34%
RIYAD SADIO BILLETS
31%
F.D.T Luffy
31%
F.D.T Mage Noir
31%
RIYAD SADIO INTERLUDE
29%
F.D.T Q.B
27%
THC TX
27%
F.D.T 2016 T'as Peur
26%
F.D.T Toilettes
26%
F.D.T Alphonse Karr
25%
RIYAD SADIO YASSER
25%
THC Hassan II
24%
F.D.T Karim Et Nico
24%
F.D.T Comme ça
21%
THC Vuvuzela
21%
THC 8P4C
20%
THC ABC
20%
THC Karin
18%
THC Prof Chen
18%
THC Benjamins bleus
17%
THC Gobi
17%
THC R.N.T
13%
THC Présence menaçante
12%
Aucun quiz correspondant
Distribution des résultats
% des personnes avec chaque résultat
Percentile par nombre de réponses
Votre historique - résultats
Vous n’avez pas pris ce quiz